Normal view MARC view

Entry Topical Term

Number of records used in: 1

001 - CONTROL NUMBER

  • control field: 27669

003 - CONTROL NUMBER IDENTIFIER

  • control field: OSt

005 - DATE AND TIME OF LATEST TRANSACTION

  • control field: 20210924163109.0

008 - FIXED-LENGTH DATA ELEMENTS

  • fixed length control field: 210924|| aca||aabn | a|a d

040 ## - CATALOGING SOURCE

  • Original cataloging agency: OSt
  • Transcribing agency: OSt

150 ## - HEADING--TOPICAL TERM

  • Topical term or geographic name entry element: Bribery, Corruption, Guanxi, Interaction ritual, Renqing, Social capital

670 ## - SOURCE DATA FOUND

  • Source citation: Work cat.: (OSt): Ruan, Ji 27668, Motivations for ritual performance in bribery: Ethnographic case studies of the use of Guanxi to gain school places in China

Powered by Koha